000 00515nam a22001697a 4500
005 20251108171842.0
008 250721s9999 xx 000 0 ara d
082 1 4 _a350.000956/منظ
245 1 0 _aالمنظمة العربية للتنمية الإدارية /
264 1 _aعمان :
_bالمطابع التعاونية،
_c[19-].
300 _a28ص
650 1 7 _aالإدارة
650 1 7 _aالبلاد العربية
650 1 7 _aالتنمية الإدارية
942 _2ddc
_cBK
999 _c64291
_d64291